Central Library OPAC University of Rajshahi

New instrumental methods in electrochemistry : (Record no. 9556)

MARC details
000 -LEADER
fixed length control field 00874nam a22002531 4500
001 - CONTROL NUMBER
control field 9556
003 - CONTROL NUMBER IDENTIFIER
rucl marc code BD-RjUL
005 - DATE AND TIME OF LATEST TRANSACTION
control field 20211208234810.0
008 - FIXED-LENGTH DATA ELEMENTS--GENERAL INFORMATION
fixed length control field 140121s1954 nyua 000 0 eng
035 ## - SYSTEM CONTROL NUMBER
System control number (BD-RjUL) 9601
040 ## - CATALOGING SOURCE
Original cataloging agency DLC/ICU
Transcribing agency ICU
Modifying agency DLC
-- BD-RjUL
Language of cataloging eng
041 ## - LANGUAGE CODE
Language code of text/sound track or separate title eng
082 00 - DEWEY DECIMAL CLASSIFICATION NUMBER
Classification number 541.37
Author mark and year DEN 1966
100 1# - MAIN ENTRY--PERSONAL NAME
Personal name Delahay, Paul.
9 (RLIN) 29609
245 10 - TITLE STATEMENT
Title New instrumental methods in electrochemistry :
Remainder of title theory, instrumentation, and applications to analytical and physical chemistry /
Statement of responsibility, etc. Paul Delahay.
246 ## - VARYING FORM OF TITLE
Title proper/short title With a chapter on high-frequency methods /
Remainder of title by Charles N. Reilley. Foreword by I.M. Kolthoff.
260 ## - PUBLICATION, DISTRIBUTION, ETC. (IMPRINT)
Place of publication, distribution, etc. New York,
Name of publisher, distributor, etc. Interscience Publishers,
Date of publication, distribution, etc. 1954.
300 ## - PHYSICAL DESCRIPTION
Pagination xvii, 437 p. :
Illustrations illus. ;
Size 24 cm.
504 ## - BIBLIOGRAPHY, ETC. NOTE
Bibliography, etc Includes index.
650 #0 - SUBJECT ADDED ENTRY--TOPICAL TERM
Topical term or geographic name as entry element Electrochemistry.
9 (RLIN) 29572
942 ## - ADDED ENTRY ELEMENTS (KOHA)
Source of classification or shelving scheme Dewey Decimal Classification
Koha item type Books
Holdings
Lost status Source of classification or shelving scheme Damaged status Not for loan Collection code Permanent Location Current Location Shelving location Date acquired Source of acquisition Cost, normal purchase price Total Checkouts Full call number Date last seen Copy number Koha item type Date checked out
  Dewey Decimal Classification   Not For Loan Non-fiction Central Library, University of Rajshahi Central Library, University of Rajshahi   05/08/1970 Zeitlinger 168.00   541.37 DEN 1966 21/01/2014 C-1 Books  
  Dewey Decimal Classification     Non-fiction Central Library, University of Rajshahi Central Library, University of Rajshahi   25/08/1969 Zeithinger 150.00 1 541.37 DEN 1966 14/05/2019 C-2 Books 12/05/2019
  Dewey Decimal Classification     Non-fiction Central Library, University of Rajshahi Central Library, University of Rajshahi   25/08/1969 Zeithinger 150.00   541.37 DEN 1962 14/05/2017 C-3 Books  
  Dewey Decimal Classification     Non-fiction Central Library, University of Rajshahi Central Library, University of Rajshahi   25/08/1969 Zeithinger 150.00   541.37 DEN 1966 14/05/2017 C-4 Books  
  Dewey Decimal Classification     Non-fiction Central Library, University of Rajshahi Central Library, University of Rajshahi   25/08/1969 Zeithinger 150.00   541.37 DEN 1962 14/05/2017 C-5 Books  
  Dewey Decimal Classification     Non-fiction Central Library, University of Rajshahi Central Library, University of Rajshahi   25/08/1969 Zeithinger 150.00   541.37 DEN 1962 14/05/2017 C-6 Books  
  Dewey Decimal Classification     Non-fiction Central Library, University of Rajshahi Central Library, University of Rajshahi   25/08/1969 Zeithinger 150.00   541.37 DEN 1962 14/05/2017 C-7 Books  
  Dewey Decimal Classification     Non-fiction Central Library, University of Rajshahi Central Library, University of Rajshahi   25/08/1969 Zeithinger 150.00   541.37 DEN 1962 14/05/2017 C-8 Books